| 000 | 00523nam a2200169Ia 4500 | ||
|---|---|---|---|
| 008 | 230917s9999||||xx |||||||||||||| ||und|| | ||
| 020 | _cRS 799.00 | ||
| 040 |
_e5012250 _aMAIN |
||
| 041 | _aEnglish | ||
| 082 | _a005.133 A26P | ||
| 100 | _aAyeva, Ahidjo | ||
| 245 | 0 | _aPython in depth: Use Python programming features, techniques, and modules to solve everyday problems | |
| 260 |
_aNew Delhi _bBPB Publications _c2021 |
||
| 300 | _axx, 343 p. | ||
| 500 | _a5035 07/01/2023 RK23/2569 07/01/2023 Main Budget | ||
| 942 | _cBK | ||
| 999 |
_c8602 _d8602 |
||